[Event "Ramco Open 2018"]
[Site "Virudhunagar"]
[Date "2018.11.29"]
[Round "2"]
[White "Daakshin Arun"]
[Black "Ravi, Thandalam Shanmugam"]
[Result "0-1"]
[WhiteElo "1475"]
[BlackElo "2294"]
[Annotator "TA"]
[PlyCount "86"]
[EventDate "2018.11.29"]
[EventType "swiss"]
[EventCountry "IND"]
[SourceTitle "playchess.com"]
[Source "ChessBase"]
[SourceQuality "1"]

{[%evp 22,85,-2,-12,3,-21,-22,-20,-16,-18,-10,-51,-22,-99,-68,-312,-302,-316,-313,-337,-322,-391,-382,-390,-354,-405,-397,-414,-410,-444,-440,-452,-445,-620,-610,-972,-949,-1147,-985,-2202,-2174,-2083,-1916,-29987,-29988,-29988,-29988,-29993,-29994,-29994,-29993,-29993,-29994,-29994,-29995,-29995,-29996,-29996,-29997,-29997,-29997,-29997,-29998,-29998,-29999,-29999]} 1. d4 Nf6 2. c4 e6 3. Nc3 Bb4 4. Qc2 b6 5. Bg5 Bb7 6. e3 h6 7. Bh4 O-O 8. Nf3 d6 9. a3 Bxc3+ 10. Qxc3 Nbd7 11. Be2 c5 12. O-O Rc8 {E32: Nimzo-Indian: Classical (4 Qc2): 4...0-0} (12... g5 $5 13. Bg3 $8 Ne4 $11) 13. b3 $146 ({Predecessor:} 13. dxc5 Nxc5 14. Bxf6 Qxf6 15. Qxf6 gxf6 16. Nd4 a6 17. Rfd1 Kh8 18. g3 Rg8 19. b4 Ne4 20. Rac1 {½-½ (63) Kulik,N (1292)-Maestro,E (1470) Montevideo 2018}) 13... Ne4 14. Qc2 g5 {The position is equal.} 15. Bg3 Qe7 16. Rfd1 f5 {And now ...cxd4 would win.} 17. Bd3 (17. dxc5 $1 $11 {remains equal.} bxc5 18. Rac1) 17... e5 $36 {[%mdl 2048] Black has good play.} 18. d5 $2 (18. dxe5 $15 dxe5 19. Nd2 Nxg3 20. hxg3) 18... Nxg3 $19 19. hxg3 e4 {[%mdl 64] [#] Double Attack} 20. Be2 exf3 21. Bxf3 Ne5 22. Be2 Rce8 23. Bh5 Rd8 24. Be2 Bc8 25. b4 f4 26. exf4 gxf4 27. gxf4 Rxf4 28. g3 Qg7 29. bxc5 bxc5 30. Kg2 Rdf8 31. Rf1 Bf5 32. Qd2 Be4+ {Black mates.} 33. f3 Nxf3 34. Bxf3 Rxf3 35. Rxf3 Bxf3+ 36. Kh2 Qxa1 {[%csl Gf3][%cal Ra1h1]} 37. g4 Qh1+ 38. Kg3 Qg1+ 39. Kh3 Qxg4+ {[%mdl 64] [#] Double Attack} 40. Kh2 Qh4+ 41. Kg1 Qg3+ 42. Kf1 Bg4+ 43. Qf2 Qxf2# {Accuracy: White = 11%, Black = 92%.} 0-1

[Event "Ramco Open 2018"]
[Site "Virudhunagar"]
[Date "2018.11.30"]
[Round "3"]
[White "Harikrishnan.A.Ra"]
[Black "Thiyagarajan, Tamilselvi"]
[Result "1-0"]
[WhiteElo "2420"]
[BlackElo "1645"]
[Annotator "TA"]
[PlyCount "115"]
[EventDate "2018.11.29"]
[EventType "swiss"]
[EventCountry "IND"]
[SourceTitle "playchess.com"]
[Source "ChessBase"]
[SourceQuality "1"]

{[%evp 19,115,20,31,18,22,13,61,10,18,8,18,18,18,18,18,23,12,12,12,13,12,26,16,21,40,33,63,21,20,17,18,20,27,19,62,27,23,29,34,34,29,29,67,54,54,47,54,54,54,54,54,54,125,133,170,176,345,345,677,348,348,348,1156,792,1137,508,1048,1048,994,993,962,918,958,872,926,781,4134,2772,29959,6211,29977,29978,29973,29974,29981,29982,29982,29983,29983,29984,29984,29985,29985,29985,29987,29986,29989,29990]} 1. e4 c5 2. Nf3 d6 3. Bb5+ Bd7 4. Bxd7+ Qxd7 5. O-O Nc6 6. c3 Nf6 7. Re1 e6 8. d4 cxd4 9. cxd4 Be7 10. Nc3 O-O 11. h3 {B52: Sicilian: Moscow Variation with 3...Bd7} (11. Bg5 h6 {½-½ (11) Shkuran,D (2392)-Bulanov,D (2358) Orsha 2011}) 11... Rac8 12. Bf4 Rfd8 13. Qe2 (13. d5 $14 Na5 14. Rc1) 13... d5 $146 ({Predecessor:} 13... Nxd4 14. Nxd4 e5 15. Be3 exd4 16. Bxd4 b6 17. Rad1 Qe6 18. f4 Nd7 {1-0 (33) Abdel Wahed,T (2096)-Raafat,A Egypt 2009}) 14. e5 Ne4 15. Nxe4 dxe4 16. Qxe4 Nxd4 17. Nxd4 Qxd4 18. Qxd4 Rxd4 19. Be3 Rdd8 20. Bxa7 Rc2 21. Bb6 $36 {[%mdl 2048] White has good play.} Rdc8 22. b3 h6 23. Be3 Ba3 24. Kf1 Bb2 25. Rad1 Bxe5 26. Re2 f5 27. Rd8+ Rxd8 28. Rxc2 {[%mdl 4096] Endgame KRB-KRB} Rd7 29. Ke2 Kf7 30. a4 Bc7 31. Rd2 Rxd2+ 32. Kxd2 $14 {KB-KB} Ke7 33. Kd3 Kd7 34. Kc4 Kc6 35. b4 {[%cal Bb3b4,Bb4b5][%mdl 32]} Bd6 ({Black should try} 35... b6 $14) 36. b5+ Kc7 37. a5 g5 $2 {[#]} (37... h5 {keeps fighting.} 38. Bc5 Bh2) 38. g4 $18 Bf8 $2 (38... Kd7 39. a6 bxa6) 39. Bd4 Kb8 40. f3 f4 $2 (40... fxg4 41. hxg4 (41. fxg4 Kc8 $18) 41... Kc7 42. Be5+ (42. a6 bxa6 43. bxa6 Kc6 $16) 42... Kd7) 41. Be5+ Ka7 42. Bc7 (42. Kd4 $142 Ba3 43. Kc4) 42... Bg7 (42... Be7 $142 43. Bb6+ Kb8) 43. Kc5 Bf8+ 44. Bd6 Bg7 45. Be7 Bc3 46. Bd8 Be5 47. h4 h5 48. gxh5 {[%cal Bg4h5,Bh5h6,Bh6h7][%mdl 32]} g4 49. fxg4 {[%cal Bf3g4,Bg4g5][%mdl 32]} f3 50. Bb6+ {White mates.} Kb8 51. Kc4 Bg3 52. h6 Bxh4 53. h7 Bf6 {[#]} 54. g5 $1 {[%mdl 512]} Bg7 (54... Bxg5 55. h8=Q+) 55. Kd3 e5 56. Ke3 Bh8 57. Kxf3 Bg7 58. Bd8 {Accuracy: White = 71%, Black = 31%.} 1-0

[Event "Ramco Open 2018"]
[Site "Virudhunagar"]
[Date "2018.11.30"]
[Round "3"]
[White "Ravi, Thandalam Shanmugam"]
[Black "Mahendran, K."]
[Result "1-0"]
[WhiteElo "2294"]
[BlackElo "1636"]
[Annotator "TA"]
[PlyCount "113"]
[EventDate "2018.11.29"]
[EventType "swiss"]
[EventCountry "IND"]
[SourceTitle "playchess.com"]
[Source "ChessBase"]
[SourceQuality "1"]

{[%evp 20,113,22,21,14,23,17,5,20,0,0,0,-10,-13,22,18,33,41,46,44,76,62,52,35,28,19,51,47,81,40,40,36,34,34,33,26,33,14,39,26,74,47,90,95,95,102,111,86,109,79,112,114,168,121,161,96,175,168,167,155,204,216,116,123,212,114,2318,2287,1320,843,1002,927,1718,998,1697,470,29988,29989,29993,29994,29994,29995,29996,29994,29994,29993,29995,29993,29993,29993,29993,29994,29994,29993,29993,29988]} 1. e4 c6 2. d4 d5 3. exd5 cxd5 4. c4 e6 5. Nc3 Nf6 6. Nf3 Be7 7. cxd5 exd5 8. Bd3 O-O 9. h3 Nc6 10. O-O h6 11. a3 Re8 {B14: Caro-Kann: Panov-Botvinnik Attack with 5...e6 and 5...g6} 12. Re1 Bd6 (12... a6 13. Bf4 Be6 14. Bc2 Bf8 15. Qd2 Rc8 16. Rac1 Nh5 17. Bh2 Nf6 18. Be5 Nd7 19. Ne2 {1-0 (43) Vajda,A (2395)-Chokhonelidze,G (2378) Nerezine 2002}) 13. Rxe8+ Qxe8 {The position is equal.} 14. Bc2 $146 ({Predecessor:} 14. Be3 Be6 15. Nb5 Bb8 16. Rc1 Qe7 17. Nd2 a6 18. Nc3 Ba7 19. Ne2 {½-½ (32) Glatzel,H (2017)-Brzezinski,B (1935) ICCF email 2013}) 14... Be6 15. Qd3 Rc8 16. Bd2 Qd7 17. Re1 Re8 18. Ne5 Qc8 19. Bf4 {[%cal Bd2f4,Bf4g3,Bg3e5][%mdl 32]} Bb8 20. Bg3 Ne7 21. Ba4 Rd8 22. Ne2 Bxe5 23. Bxe5 {Black must now prevent Rc1.} Ne4 24. Rc1 Nc6 25. f3 Nd6 $1 26. Bxc6 bxc6 27. Bxd6 Rxd6 28. Nf4 Bf5 29. Qe3 $36 {[%mdl 2048] White is more active.} Qd7 {[#]} 30. g4 $1 Be6 31. Re1 Kf8 32. Nd3 {And now Nc5 would win.} Qd8 33. Ne5 Kg8 {[#]} 34. f4 $1 {[%cal Bf3f4,Bf4f5,Bf5f6][%mdl 32]} Bc8 35. f5 Kf8 (35... a5 $16 36. Nd3 Qb6) 36. Qg3 h5 37. Rf1 ({Better is} 37. Qf4 $18) 37... hxg4 (37... Rf6 $16) 38. hxg4 $18 Rh6 39. g5 Rh5 40. f6 {Strongly threatening g6.} g6 41. Nxc6 Qd7 42. Ne5 Qa4 $2 {[%mdl 8192] [#]} (42... Qe6 $16) 43. Nxg6+ $1 {[%mdl 512]} Kg8 (43... fxg6 44. Qd6+) 44. Qe5 Qd7 45. Ne7+ Kh8 46. Qg3 {White threatens g6 and mate.} Rh3 47. Qg2 (47. Qf4 $142) 47... Qc7 (47... Qe6 $18) 48. g6 {White mates.} Rg3 49. g7+ Kh7 50. g8=Q+ Rxg8 51. Qxg8+ Kh6 52. Qg7+ Kh5 53. Qxf7+ Kg4 54. Qg7+ Kh5 55. Qg6+ Kh4 56. Qh6+ Kg4 57. Qf4+ {Precision: White = 56%, Black = 36%.} 1-0

[Event "Ramco Open 2018"]
[Site "Virudhunagar"]
[Date "2018.11.30"]
[Round "3"]
[White "Ruban, Sanjai M"]
[Black "Laxman, R.R."]
[Result "0-1"]
[WhiteElo "1657"]
[BlackElo "2436"]
[Annotator "TA"]
[PlyCount "62"]
[EventDate "2018.11.29"]
[EventType "swiss"]
[EventCountry "IND"]
[SourceTitle "playchess.com"]
[Source "ChessBase"]
[SourceQuality "1"]

{[%evp 9,62,-49,-43,-48,-45,-91,-72,-85,-96,-105,-83,-80,-66,-68,-69,-81,-75,-85,-65,-95,-104,-103,-75,-121,-100,-79,-124,-153,-132,-137,-145,-159,-143,-333,-312,-389,-374,-358,-328,-487,-523,-510,-489,-637,-647,-1103,-1038,-29988,-1377,-29987,-29988,-29993,-29994,-29995,-29996]} 1. b3 d5 2. Bb2 Bg4 3. f3 Bf5 4. e3 c5 (4... e6 5. Ne2 Nc6 6. Nbc3 h6 7. Ng3 Bh7 8. Bb5 Nge7 9. Nce2 a6 10. Bd3 Bxd3 11. cxd3 {1-0 (35) Jobava,B (2713)-Wojtaszek,R (2734) Chartres 2017}) 5. d4 cxd4 6. exd4 $146 {A01: Nimzowitsch-Larsen Opening} ({Predecessor:} 6. Bxd4 Nc6 7. Bd3 Bxd3 8. Qxd3 e5 9. Bc3 Nf6 10. Ne2 Qb6 11. a4 {½-½ (29) Zielinski,W (2154)-Siembab,B (2258) Kowalewo Pomorskie 2013}) 6... Nc6 7. Nc3 e6 8. Nge2 {Black is better.} Bd6 9. Qd2 Nb4 10. Rc1 a6 11. a3 Nc6 12. Nd1 h5 13. Ne3 Bg6 14. c4 Nf6 15. h4 Qb8 16. Kf2 O-O 17. g3 dxc4 18. Nxc4 {[#]} Bc7 $1 19. Bh3 Rd8 20. Rhd1 e5 21. d5 $2 (21. Ne3 $17) 21... Nxd5 $19 {White must now prevent ...Qa7+.} 22. Qxd5 Rxd5 23. Rxd5 Qa7+ 24. Kf1 (24. Ke1 $142) 24... Rd8 25. Rxd8+ Bxd8 26. b4 Bd3 27. Bg2 b5 28. Na5 Nxa5 (28... Qe3 $142 29. Rc2 Bb6 30. Ke1 Qf2+ {[%mdl 64] Double Attack} 31. Kd1 Qxg2 32. Bc3 Qf1+ 33. Be1 Bxc2+ 34. Kxc2 Qxe2+ 35. Kb1 Qxe1+ {[%mdl 64] Double Attack} 36. Kc2 Nxa5 37. bxa5 Qe2+ {[%mdl 64] Double Attack} 38. Kb1 Qd1+ 39. Kb2 Bd4+ 40. Ka2 Qc2#) 29. bxa5 Qe3 {Black mates.} 30. Re1 Bxa5 31. Bc1 Bxe2+ {Accuracy: White = 41%, Black = 76%.} 0-1

[Event "Ramco Open 2018"]
[Site "Virudhunagar"]
[Date "2018.11.30"]
[Round "3"]
[White "Raghul, Saro S"]
[Black "Muthaiah AL"]
[Result "0-1"]
[WhiteElo "1643"]
[BlackElo "2408"]
[Annotator "RC"]
[PlyCount "116"]
[EventDate "2018.11.29"]
[EventType "swiss"]
[EventCountry "IND"]
[SourceTitle "playchess.com"]
[Source "ChessBase"]
[SourceQuality "1"]
[TimeControl "5400+30"]

1. d4 {[%emt 0:00:00]} g6 {[%emt 0:00:56]} 2. Nf3 {[%emt 0:00:51]} Bg7 {[%emt 0:00:13]} 3. e3 {[%emt 0:00:11]} c5 {[%emt 0:00:35]} 4. c3 {[%emt 0:00:28]} b6 {[%emt 0:01:04]} 5. dxc5 {[%emt 0:01:51]} bxc5 {[%emt 0:00:06]} 6. Qd5 {[%emt 0:00:35]} Nc6 {[%emt 0:00:06]} 7. Qxc5 {[%emt 0:01:42]} Nf6 {[%emt 0:00:11]} 8. Nbd2 {[%emt 0:04:05]} O-O {[%emt 0:01:34]} 9. Be2 {[%emt 0:01:15]} Bb7 {[%emt 0:02:06]} 10. O-O {[%emt 0:02:08]} d6 {[%emt 0:02:15]} 11. Qa3 {[%emt 0:05:12]} a5 {[%emt 0:01:02]} 12. Rd1 {[%emt 0:01:58]} a4 {[%emt 0:02:41]} 13. Nd4 {[%emt 0:04:25]} Qc7 {[%emt 0:03:55]} 14. Nxc6 {[%emt 0:06:00]} Bxc6 {[%emt 0:00:49]} 15. Bf3 {[%emt 0:03:47]} Rfb8 {[%emt 0:06:35]} 16. Bxc6 {[%emt 0:06:55]} Qxc6 {[%emt 0:00:24]} 17. c4 {[%emt 0:00:02]} Nd7 {[%emt 0:04:52]} 18. Qd3 {[%emt 0:06:43]} a3 {[%emt 0:00:49]} 19. Nb3 {[%emt 0:07:32]} axb2 {[%emt 0:01:32]} 20. Bxb2 {[%emt 0:00:34]} Bxb2 {[%emt 0:00:08]} 21. Rab1 {[%emt 0:00:02]} Bf6 {[%emt 0:00:38]} 22. Nd4 {[%emt 0:01:07]} Bxd4 {[%emt 0:00:40]} 23. exd4 {[%emt 0:00:28]} Rxb1 {[%emt 0:00:46]} 24. Qxb1 {[%emt 0:01:36]} Qxc4 {[%emt 0:00:13]} 25. Qb7 {[%emt 0:00:40]} Qa4 {[%emt 0:00:06]} 26. Re1 {[%emt 0:00:31]} e6 {[%emt 0:00:34]} 27. d5 {[%emt 0:01:39]} e5 {[%emt 0:01:03]} 28. Qc7 {[%emt 0:00:45]} Qa5 {[%emt 0:00:07]} 29. Qc1 {[%emt 0:00:53]} Nc5 {[%emt 0:00:10]} 30. Rf1 {[%emt 0:01:01]} Qxa2 {[%emt 0:00:10]} 31. Qd1 {[%emt 0:00:44]} Qc4 {[%emt 0:01:03]} 32. h3 {[%emt 0:01:35]} Kg7 {[%emt 0:00:07]} 33. Kh1 {[%emt 0:00:51]} Ra2 {[%emt 0:00:29]} 34. Kg1 {[%emt 0:00:58]} Nd3 {[%emt 0:02:00]} 35. Qf3 {[%emt 0:02:28]} Qd4 {[%emt 0:00:26]} 36. g4 {[%emt 0:01:16]} Rxf2 {[%emt 0:00:35]} 37. Rxf2 {[%emt 0:00:08]} Qxf2+ {[%emt 0:00:05]} 38. Qxf2 {[%emt 0:00:08]} Nxf2 {[%emt 0:00:06]} 39. Kxf2 {[%emt 0:00:05]} f5 {[%emt 0:00:11]} 40. g5 {[%emt 0:00:27]} Kf7 {[%emt 0:00:05]} 41. Ke3 {[%emt 0:00:20]} Ke7 {[%emt 0:00:05]} 42. Kd3 {[%emt 0:00:07]} Kd7 {[%emt 0:00:05]} 43. h4 {[%emt 0:00:14]} Kc7 {[%emt 0:00:05]} 44. Kc3 {[%emt 0:00:06]} Kb6 {[%emt 0:00:05]} 45. Kb4 {[%emt 0:00:41]} f4 {[%emt 0:00:07]} 46. Kc4 {[%emt 0:00:04]} e4 {[%emt 0:00:04]} 47. Kd4 {[%emt 0:00:09]} e3 {[%emt 0:00:07]} 48. Kd3 {[%emt 0:00:08]} Kc5 {[%emt 0:00:05]} 49. Ke2 {[%emt 0:00:03]} Kd4 {[%emt 0:00:12]} 50. h5 {[%emt 0:00:06]} Ke4 {[%emt 0:00:05]} 51. hxg6 {[%emt 0:00:06]} hxg6 {[%emt 0:00:05]} 52. Ke1 {[%emt 0:00:03]} f3 {[%emt 0:00:08]} 53. Kf1 {[%emt 0:00:03]} Kd3 {[%emt 0:00:06]} 54. Kg1 {[%emt 0:00:04]} Ke2 {[%emt 0:00:08]} 55. Kh1 {[%emt 0:00:07]} f2 {[%emt 0:00:07]} 56. Kh2 {[%emt 0:00:02]} Kf3 {[%emt 0:00:09]} 57. Kh3 {[%emt 0:00:11]} f1=Q+ {[%emt 0:00:07]} 58. Kh4 {[%emt 0:00:05]} Qh1# {[%emt 0:00:09]} 0-1

[Event "Ramco Open 2018"]
[Site "Virudhunagar"]
[Date "2018.11.30"]
[Round "3"]
[White "Rathina, Sabapathi A"]
[Black "Srihari L R"]
[Result "0-1"]
[WhiteElo "1628"]
[BlackElo "2282"]
[Annotator "TA"]
[PlyCount "60"]
[EventDate "2018.11.29"]
[EventType "swiss"]
[EventCountry "IND"]
[SourceTitle "playchess.com"]
[Source "ChessBase"]
[SourceQuality "1"]

{[%evp 9,59,-27,-20,-42,-9,-18,-17,-25,-31,-80,-79,-92,-93,-110,-102,-286,-294,-279,-286,-337,-316,-539,-529,-619,-625,-822,-732,-813,-751,-688,-630,-1020,-991,-1327,-1322,-1272,-1235,-29993,-29983,-6333,-6755,-29997,-29995,-29995,-29996,-29996,-29997,-29998,-29998,-29998,-29999,-29999]} 1. d4 e6 2. Nf3 c5 3. c3 Nf6 4. Bg5 Nc6 (4... h6 5. Bh4 b6 6. e3 Bb7 7. Nbd2 Be7 8. Bd3 Nc6 9. a3 O-O 10. O-O cxd4 11. cxd4 Rc8 12. Qe2 Nh5 13. Bxe7 Qxe7 14. Rac1 Nf6 15. Rc2 Nb8 16. Rfc1 Rxc2 17. Rxc2 Rc8 18. Rxc8+ Bxc8 19. e4 {1-0 (58) Carlsen,M (2837)-Korobov,A (2652) Riadh 2017}) 5. Nbd2 cxd4 6. Nxd4 {A46: 1 d4 Nf6 2 Nf3 e6: Torre, London and Colle Systems} Nxd4 7. cxd4 Qb6 $146 ({Predecessor:} 7... Bb4 8. a3 Bxd2+ 9. Qxd2 h6 10. Bh4 g5 11. Bg3 Ne4 12. Qe3 Qa5+ 13. b4 {0-1 (29) Uno,P (1496)-Burnes,K (1867) Dos Hermanas 2004}) 8. Bxf6 {The position is equal.} gxf6 9. Qa4 Bb4 10. O-O-O Qxd4 {...Bxd2+ is the strong threat.} 11. Kb1 {White wants to play e3.} b5 $36 {[%cal Bb7b5,Bb5a4,Ba4a3][%mdl 2080] Black is in control.} 12. e3 $2 {[#]} (12. Qc2 $17) 12... Qxb2+ $1 $19 {[%mdl 512]} 13. Kxb2 bxa4 14. Ne4 d5 15. Nxf6+ $2 (15. a3 Be7 16. Nd2) 15... Ke7 16. Nh5 a3+ 17. Kb3 Rb8 18. Kc2 Bd7 19. Kd3 Rhc8 {[#] ( -> ...Bb5+)} 20. e4 Ba4 21. Ra1 Rc3+ 22. Kd4 dxe4 23. Kxe4 Bc2+ 24. Kf4 Rg8 {[%cal Rb4d6]} 25. Ke5 Rg5+ {Black mates.} 26. Kf4 h6 {[%csl Gg5][%cal Re6e5]} 27. Bd3 Rxd3 28. h4 Bd2+ 29. Ke4 Rc3+ 30. Kd4 Rd5# {Accuracy: White = 14%, Black = 91%.} 0-1

[Event "Ramco Open 2018"]
[Site "Virudhunagar"]
[Date "2018.11.30"]
[Round "4"]
[White "Laxman, R.R."]
[Black "Balaji Sekar"]
[Result "1-0"]
[WhiteElo "2436"]
[BlackElo "1189"]
[Annotator "TA"]
[PlyCount "113"]
[EventDate "2018.11.29"]
[EventType "swiss"]
[EventCountry "IND"]
[SourceTitle "playchess.com"]
[Source "ChessBase"]
[SourceQuality "1"]

{[%evp 13,113,26,14,-11,12,12,14,5,12,13,13,8,27,0,20,17,23,15,36,15,56,46,43,56,56,74,77,63,69,61,58,52,68,57,62,75,97,95,124,121,91,68,151,149,149,157,271,271,245,225,401,395,394,385,383,227,227,227,226,228,227,225,225,224,225,212,212,212,217,189,268,268,231,239,335,339,358,364,606,462,1149,1149,1023,958,29986,1241,2017,2017,1991,1972,1926,1864,1864,1153,1153,1145,1145,1016,597,590,575,495]} 1. d4 Nf6 2. Nf3 e6 3. c4 d5 4. g3 Bb4+ 5. Bd2 Bd6 (5... Be7 6. Bg2 O-O 7. O-O Nbd7 8. Nc3 c6 9. Bf4 dxc4 10. e4 Re8 11. a4 b6 12. d5 exd5 13. exd5 Bb7 14. a5 bxa5 15. d6 Bf8 16. Nd2 Nd5 17. Nxd5 cxd5 18. Nxc4 dxc4 19. Bxb7 {½-½ (42) Nakamura,H (2777)-Karjakin,S (2773) Saint Louis 2018}) 6. Bg2 {E01: Catalan: Early deviations} c6 7. Qb3 O-O {LiveBook: 7 Games} 8. Bb4 {The position is equal.} b6 9. Bxd6 Qxd6 10. Nbd2 $146 ({Predecessor:} 10. O-O Ba6 11. Nbd2 Nbd7 12. Rac1 Rac8 {0-1 (50) Berend,F (2358)-Parligras,M (2623) Batumi 2018}) 10... Bb7 11. O-O Nbd7 12. Rfd1 c5 13. Qa3 Rfe8 14. Rac1 Qf8 15. e3 g6 16. dxc5 Nxc5 17. Ne5 Qe7 18. b4 Ncd7 19. Nxd7 Qxd7 20. cxd5 exd5 21. Qb2 Qe7 22. Nb3 Rac8 23. Nd4 Ne4 24. b5 Qf6 25. Bxe4 dxe4 {[#]} 26. Qa3 $1 Bd5 27. Qa6 Bc4 (27... Rxc1 $14 28. Rxc1 Qe7) 28. Qxa7 $16 Ra8 29. Qd7 Red8 (29... Be6 $16 30. Qc6 Rab8) 30. Qc6 $18 Qxc6 31. bxc6 b5 $2 {[#]} (31... Bd3 32. Rd2 Rdc8) 32. a4 $1 {[%mdl 512]} Rxa4 {[#]} 33. c7 $1 {[%cal Rc7d8]} Rf8 34. Nxb5 (34. Nc6 $142) 34... Bxb5 35. c8=Q Rxc8 36. Rxc8+ {[%mdl 4096] Endgame KRR-KRB} Kg7 37. Rcc1 Bd3 38. Rd2 h5 39. f4 Ra5 40. Rb2 Ra7 41. Kf2 Rd7 (41... Ra4 $142 42. h3 Bc4) 42. h3 {[%cal Bh2h3,Bh3g4][%mdl 32]} Ra7 43. g4 hxg4 (43... h4 {was necessary.} 44. Rd1 Kf6) 44. hxg4 Rd7 45. g5 Ra7 $2 (45... Kf8 46. Kg3 Ke7) 46. Rc8 f6 (46... Ba6 $142) 47. gxf6+ Kxf6 48. Rc6+ Kf5 49. Kg3 (49. Rbb6 $142 Ra6 50. Rf6+ Kg4 51. Rxa6 Bxa6 52. Rxg6+ Kh4 53. Rxa6 Kh5 54. Re6) 49... Ra6 {White is clearly winning.} 50. Rxa6 Bxa6 {KR-KB} 51. Rb6 Be2 52. Kh4 Bf3 53. Rb8 Kf6 54. Re8 Bh1 55. Re5 Bf3 56. Kg3 Bh1 57. Kf2 {Accuracy: White = 72%, Black = 36%.} 1-0

[Event "Ramco Open 2018"]
[Site "Virudhunagar"]
[Date "2018.11.30"]
[Round "4"]
[White "Muthaiah AL"]
[Black "Gunasekaran, K.."]
[Result "0-1"]
[WhiteElo "2408"]
[BlackElo "1987"]
[Annotator "RC"]
[PlyCount "154"]
[EventDate "2018.11.29"]
[EventType "swiss"]
[EventCountry "IND"]
[SourceTitle "playchess.com"]
[Source "ChessBase"]
[SourceQuality "1"]
[TimeControl "5400+30"]

1. d4 {[%emt 0:00:00]} d5 {[%emt 0:00:00]} 2. c4 {[%emt 0:00:00]} c6 {[%emt 1:31:00]} 3. Nc3 {[%emt 0:00:00]} Nf6 {[%emt 0:00:00]} 4. Nf3 {[%emt 0:00:00]} e6 {[%emt 0:00:00]} 5. Bg5 {[%emt 0:00:12]} Nbd7 {[%emt 0:00:00]} 6. e3 {[%emt 0:00:13]} Be7 {[%emt 0:00:00]} 7. Bd3 {[%emt 0:00:50]} h6 {[%emt 0:00:00]} 8. Bh4 {[%emt 0:00:07]} b6 {[%emt 0:00:00]} 9. O-O {[%emt 0:02:48]} O-O {[%emt 0:00:00]} 10. Qe2 {[%emt 0:01:50]} Bb7 {[%emt 0:00:00]} 11. Rfd1 {[%emt 0:00:47]} dxc4 {[%emt 0:00:00]} 12. Bxc4 {[%emt 0:00:20]} Nd5 {[%emt 0:00:00]} 13. Bg3 {[%emt 0:01:01]} Nxc3 {[%emt 0:00:00]} 14. bxc3 {[%emt 0:00:09]} Nf6 {[%emt 0:00:00]} 15. e4 {[%emt 0:01:43]} Re8 {[%emt 0:00:00]} 16. Ne5 {[%emt 0:09:59]} b5 {[%emt 0:00:00]} 17. Bb3 {[%emt 0:05:38]} Qb6 {[%emt 0:00:00]} 18. c4 {[%emt 0:06:25]} c5 {[%emt 0:00:00]} 19. dxc5 {[%emt 0:05:11]} Bxc5 {[%emt 0:00:00]} 20. cxb5 {[%emt 0:00:27]} Rad8 {[%emt 0:00:00]} 21. Bc2 {[%emt 0:13:33]} Bd4 {[%emt 0:00:00]} 22. Rab1 {[%emt 0:04:38]} Ba8 {[%emt 0:00:00]} 23. Nf3 {[%emt 0:10:36]} Bc5 {[%emt 0:00:00]} 24. a4 {[%emt 0:02:53]} Qb7 {[%emt 0:00:00]} 25. Nd2 {[%emt 0:01:08]} Rc8 {[%emt 0:00:00]} 26. Bd3 {[%emt 0:05:32]} Qe7 {[%emt 0:00:00]} 27. Nb3 {[%emt 0:01:53]} Bb4 {[%emt 0:00:00]} 28. f3 {[%emt 0:04:01]} Nh5 {[%emt 0:00:00]} 29. Bf2 {[%emt 0:01:05]} Nf4 {[%emt 0:00:00]} 30. Qe3 {[%emt 0:01:07]} Qg5 {[%emt 0:00:00]} 31. g3 {[%emt 0:01:54]} Nh3+ {[%emt 0:00:00]} 32. Kg2 {[%emt 0:00:06]} Nxf2 {[%emt 0:00:00]} 33. Qxg5 {[%emt 0:00:22]} hxg5 {[%emt 0:00:00]} 34. Kxf2 {[%emt 0:00:06]} Kf8 {[%emt 0:00:00]} 35. Rbc1 {[%emt 0:00:11]} Ke7 {[%emt 0:00:00]} 36. Rxc8 {[%emt 0:00:51]} Rxc8 {[%emt 0:00:00]} 37. Rc1 {[%emt 0:00:13]} Rxc1 {[%emt 0:00:00]} 38. Nxc1 {[%emt 0:00:11]} Bc5+ {[%emt 0:00:19]} 39. Ke2 {[%emt 0:00:26]} Bg1 {[%emt 0:00:07]} 40. Kf1 {[%emt 0:00:37]} Be3 {[%emt 0:00:22]} 41. Nb3 {[%emt 0:00:08]} Kd6 {[%emt 0:00:24]} 42. Ke2 {[%emt 0:01:01]} Bg1 {[%emt 0:00:28]} 43. h3 {[%emt 0:00:11]} g6 {[%emt 0:00:40]} 44. g4 {[%emt 0:06:08]} Ke5 {[%emt 0:02:22]} 45. Na5 {[%emt 0:03:04]} Bc5 {[%emt 0:04:22]} 46. Nb3 {[%emt 0:03:06]} Bb6 {[%emt 0:00:27]} 47. a5 {[%emt 0:00:30]} Bg1 {[%emt 0:00:15]} 48. Kd2 {[%emt 0:02:38]} f5 {[%emt 0:00:18]} 49. Kc3 {[%emt 0:00:59]} Bf2 {[%emt 0:00:12]} 50. Kc4 {[%emt 0:00:51]} Be1 {[%emt 0:00:18]} 51. a6 {[%emt 0:03:22]} Bf2 {[%emt 0:00:44]} 52. Nc5 {[%emt 0:00:05]} Kd6 {[%emt 0:00:55]} 53. Na4 {[%emt 0:00:36]} Kc7 {[%emt 0:01:01]} 54. gxf5 {[%emt 0:01:09]} gxf5 {[%emt 0:00:05]} 55. Kc3 {[%emt 0:00:18]} Kd6 {[%emt 0:01:07]} 56. Kb4 {[%emt 0:01:05]} Be1+ {[%emt 0:00:11]} 57. Kc4 {[%emt 0:00:21]} Bf2 {[%emt 0:00:03]} 58. Bc2 {[%emt 0:00:18]} Bg1 {[%emt 0:01:24]} 59. Bb1 {[%emt 0:00:11]} Bf2 {[%emt 0:00:20]} 60. Kd3 {[%emt 0:00:39]} Bg1 {[%emt 0:01:26]} 61. Ke2 {[%emt 0:01:13]} Ke5 {[%emt 0:00:56]} 62. Bc2 {[%emt 0:00:32]} Bd4 {[%emt 0:00:23]} 63. Kd2 {[%emt 0:00:23]} Bg1 {[%emt 0:01:03]} 64. Kc3 {[%emt 0:00:17]} Kd6 {[%emt 0:00:24]} 65. Kc4 {[%emt 0:00:25]} Bf2 {[%emt 0:00:22]} 66. Nc3 {[%emt 0:00:48]} Ke5 {[%emt 0:00:17]} 67. Nd1 {[%emt 0:01:13]} Bb6 {[%emt 0:00:28]} 68. Nb2 {[%emt 0:00:24]} Kf4 {[%emt 0:00:32]} 69. Na4 {[%emt 0:00:25]} Bg1 {[%emt 0:00:42]} 70. b6 {[%emt 0:00:31]} axb6 {[%emt 0:00:03]} 71. Kb5 {[%emt 0:00:06]} Kxf3 {[%emt 0:01:57]} 72. exf5 {[%emt 0:00:07]} exf5 {[%emt 0:00:17]} 73. Bxf5 {[%emt 0:00:22]} Kf4 {[%emt 0:00:08]} 74. Nxb6 {[%emt 0:02:39]} Bxb6 {[%emt 0:00:34]} 75. Bc8 {[%emt 0:01:45]} Ba7 {[%emt 0:00:49]} 76. Kc4 {[%emt 0:00:33]} Bg2 {[%emt 0:00:11]} 77. Be6 {[%emt 0:00:32]} Bf1+ {[%emt 0:02:02] Kd4 [%clk 0:00:00] Ke5+Bg4+ [%clk 0:00:00] Kf4+ [%clk 0:00:00]} 0-1